Statistics for Most Remote Places

Click here to take the quiz!

General Stats

  • This quiz has been taken 5 times
  • The average score is 2 of 10

Answer Stats

Answer% Correct
Easter Island, Chile
80%
Pitcairn Island, United Kingdom
60%
Hawaii, United States
40%
Kerguelen Islands, Indian Ocean
20%
Ittoqqortoormiit, Greenland
0%
Mcmurdo Station, Antarctica
0%
Motuo, Tibet
0%
Oymyakon, Russia
0%
Socotra Island, Yemen
0%
Tristan De Cunha, South Africa
0%

Score Distribution

Percentile by Number Answered

Percent of People with Each Score

Your Score History

You have not taken this quiz